Which area is bigger? - Statistics

General Stats
  • This quiz has been taken 39 times
  • The average score is 5 of 10
Answer Stats
Question Answer % Correct
The Pacific Ocean on the other side of the United States. Manhattan
68%
Right across the Atlantic. North Dakota
64%
Parasea vs. Redguay Red Sea
64%
Celebrating the Oktoberfest in the Himalaya. Bavaria
59%
A difficult question. New Hampshire
59%
North Sea, Baltic Sea, Mediterranean Sea Schleswig-Holstein
59%
Almost neighbors. Louisiana
50%
Another strange comparison. Slovenia
50%
Having the Carribbean Sea right in front of the Brandenburg gate. Berlin
45%
Australians conquering the Andes. Queensland
27%
No matching quizzes found
Score Distribution
Percent of People with Each Score
Percentile by Number Answered
Your Score History
You have not taken this quiz